| 000 | 00632nmc a2200253 a 4500 | ||
|---|---|---|---|
| 003 | AR-BaBNM | ||
| 005 | 20251128210827.0 | ||
| 008 | 186020s2005 ||||||||||||||000 | spa|| | ||
| 020 | _a84-8063-717-X | ||
| 040 | _cAR-BaBNM | ||
| 100 | 1 | _aPenín Navascués, María Luisa | |
| 245 | 1 | 0 | _aFloripanes a buen precio |
| 250 | _a1ª ed. | ||
| 260 |
_aBarcelona _bOctaedro _c2005 |
||
| 300 | 0 | _a90 p. | |
| 490 | 0 |
_aDuendes de limón _vv. 1 |
|
| 650 | 4 | _aLITERATURA INFANTIL | |
| 650 | 4 | _aPUBLICIDAD | |
| 650 | 4 | _aCUENTOS | |
| 655 | _aLITERATURA | ||
| 700 | 1 | _aPenín Navascués, Nuria | |
| 942 | _cBK | ||
| 998 | _cme-solo cat | ||
| 999 |
_c17095 _d17095 |
||